000 00664nam a2200253Ia 4500
003 OSt
005 20220912145432.0
006 a|||||r|||| 00| 0
007 ta
008 220909b |||||||| |||| 00| 0 eng d
024 _a66660
037 _cTextual
040 _aCSL
_beng
_cCSL
041 _aeng
082 _aF58:4, G3 CS
100 _aCain J C Ed.
245 0 _aSynthetic dyestuffs and the intermediate products from whih they are derived
260 _c1933
300 _ap.
_ccm.
650 _aDye
700 _a Thoppe J F Ed.
942 _hF58:4, G3 CS
_cTEXL
_2CC
999 _c31831
_d31831